TEXT BOOK OF SOIL MECHANICS AND FOUNDATION ENGINEERING (Record no. 5453)

MARC details
000 -LEADER
fixed length control field 00393nam a22001457a 4500
005 - DATE AND TIME OF LATEST TRANSACTION
control field 20170530105543.0
008 - FIXED-LENGTH DATA ELEMENTS--GENERAL INFORMATION
fixed length control field 170530b xxu||||| |||| 00| 0 eng d
020 ## - INTERNATIONAL STANDARD BOOK NUMBER
ISBN 81-239-1362-1
041 ## - LANGUAGE CODE
Language code of text/sound track or separate title eng
100 ## - MAIN ENTRY--AUTHOR NAME
Personal name MURTHY, V.N.S
245 ## - TITLE STATEMENT
Title TEXT BOOK OF SOIL MECHANICS AND FOUNDATION ENGINEERING
260 ## - PUBLICATION, DISTRIBUTION, ETC. (IMPRINT)
Place of publication NEW DELHI
Name of publisher C.B.S PUBLISHERS AND DISTRIBUTORS
300 ## - PHYSICAL DESCRIPTION
Number of Pages 1043
942 ## - ADDED ENTRY ELEMENTS (KOHA)
Koha item type Books
Holdings
Lost status Damaged status Home library Current library Shelving location Date acquired Source of acquisition Cost, normal purchase price Full call number Accession Number Koha item type
    JRU Library   SHELF-43-G 30/05/2017 PURCHESS 995.00 624.151 21787 Books
    JRU Library   SHELF-6-C 30/05/2017 PURCHESS 995.00 624.151 21788 Books